000 00903nam a22002537a 4500
005 20180531132509.0
020 _a9789332577466
_c799.00
035 _aEN-105350
035 _aB-683968-973
035 _aB-694025
037 _bRK Books
_adpl
082 _a576.5
245 _aConcepts of genetics /
_cby William S. Klug...[et al]
250 _a10th ed
260 _c2018
_aNoida
_bPearson India
270 _a15th Floor,, Tower-B, World Trade, Plot No.1, Block-C, Sector-16,
_bNoida
_e201301
300 _c25cm(pbk)
_a885p. :
_bill.
500 _aIncludes index
700 _aCummings, Michael R.
700 _aSpencer, Chalotte A.
700 _aPalladino, Michael A.
942 _cEN
_2ddc
_mCON
_h576.5
999 _c152426
_d152426